[Event "2nd Grandmasters' Tournament"]
[Site "Lublin 2010"]
[Date "2010.05.14"]
[Round "6"]
[White "Macieja, Bartlomiej"]
[Black "Bartel, Mateusz"]
[Result "1/2-1/2"]
[WhiteElo "2618"]
[BlackElo "2609"]
[PlyCount "99"]
[EventDate "2010.??.??"]

1. Nf3 f5 2. d4 Nf6 3. g3 g6 4. c4 Bg7 5. b4 c6 6. Bg2 d5 7. Nbd2 Be6 8. Qc2 a5
9. b5 dxc4 10. a4 Nd5 11. Bb2 Nd7 12. O-O cxb5 13. axb5 Rc8 14. Bc3 b6 15. Rac1
h6 16. Nh4 Nf8 17. Nhf3 Nd7 18. Nh4 Nf8 19. Ba1 c3 20. Nb1 Qd7 21. Qa4 g5 22.
Nf3 Ng6 23. Nxc3 O-O 24. Ne5 Nxe5 25. dxe5 Nxc3 26. Rxc3 Rxc3 27. Bxc3 Qc7 28.
Qa1 Qc4 29. Qb2 Bd5 30. Bxd5+ Qxd5 31. Bd4 Ra8 32. Bxb6 Rb8 33. Qd4 Qxd4 34.
Bxd4 Rxb5 35. f4 a4 36. Kf2 e6 37. Rc1 Bf8 38. Rc6 Kf7 39. Rc7+ Be7 40. Ra7 a3
41. fxg5 hxg5 42. h4 gxh4 43. gxh4 Ke8 44. h5 Bf8 45. Ra8+ Kf7 46. Ra7+ Kg8 47.
Ra8 Kf7 48. Ra7+ Kg8 49. Ra8 Kf7 50. Ra7+ 1/2-1/2

[Event "2nd Grandmasters' Tournament"]
[Site "Lublin 2010"]
[Date "2010.05.14"]
[Round "6"]
[White "Kurnosov, Igor"]
[Black "Meier, Georg"]
[Result "1/2-1/2"]
[WhiteElo "2680"]
[BlackElo "2638"]
[PlyCount "68"]
[EventDate "2010.??.??"]

1. e4 e6 2. d4 d5 3. Nc3 dxe4 4. Nxe4 Nd7 5. Nf3 Ngf6 6. Bd3 c5 7. O-O Nxe4 8.
Bxe4 Nf6 9. Bg5 cxd4 10. Nxd4 Be7 11. Bf3 O-O 12. Qd3 Qc7 13. Rfe1 Rd8 14. Rad1
a6 15. c3 Bd7 16. Qe3 Be8 17. Bf4 Qb6 18. Nb3 Qb5 19. Nd4 Qxb2 20. Rb1 Qxa2 21.
Rxb7 Bf8 22. Be5 Nd7 23. Bg3 Nc5 24. Rbb1 Rac8 25. Bh4 f6 26. Ra1 Qc4 27. Be2
Qd5 28. Bf3 Qd6 29. Nxe6 Nxe6 30. Bg3 Qd7 31. Bg4 Bf7 32. Bxe6 Bxe6 33. Qxe6+
Qxe6 34. Rxe6 Rxc3 1/2-1/2

[Event "2nd Grandmasters' Tournament"]
[Site "Lublin 2010"]
[Date "2010.05.14"]
[Round "6"]
[White "Baklan, Vladimir"]
[Black "Grachev, Boris"]
[Result "1/2-1/2"]
[WhiteElo "2633"]
[BlackElo "2667"]
[PlyCount "104"]
[EventDate "2010.??.??"]

1. e4 e6 2. d4 d5 3. Nc3 Nf6 4. Bg5 dxe4 5. Nxe4 Nbd7 6. Nf3 h6 7. Nxf6+ Nxf6
8. Be3 Ng4 9. Bd2 c5 10. Bc3 Bd7 11. Qe2 Qc7 12. O-O-O O-O-O 13. h3 Nf6 14.
dxc5 Bxc5 15. Be5 Qa5 16. a3 Bc6 17. Nd2 Qa4 18. f3 Rd5 19. Nb3 Bb6 20. Rxd5
Bxd5 21. Qd3 Rd8 22. Qc3+ Qc6 23. Qxc6+ Bxc6 24. Bc4 Be3+ 25. Kb1 Nd7 26. Bh2
Nb6 27. Bd3 Bd5 28. Re1 Bf2 29. Re2 Bxb3 30. Rxf2 Bc4 31. Bxc4 Nxc4 32. Ka2 Rd1
33. Kb3 b5 34. a4 a6 35. axb5 axb5 36. Kb4 Nxb2 37. Kxb5 f6 38. Re2 Kd7 39. Bg3
e5 40. f4 Rd5+ 41. Kb4 Rd4+ 42. Kb3 Nd3 43. cxd3 Rxd3+ 44. Kc4 Rxg3 45. fxe5
Ke6 46. exf6+ Kxf6 47. Kd5 Kg5 48. Ke6 Kh4 49. Kf7 h5 50. Re4+ Kg5 51. h4+ Kf5
52. Ra4 Rxg2 1/2-1/2

[Event "2nd Grandmasters' Tournament"]
[Site "Lublin 2010"]
[Date "2010.05.16"]
[Round "7"]
[White "Meier, Georg"]
[Black "Macieja, Bartlomiej"]
[Result "1/2-1/2"]
[WhiteElo "2638"]
[BlackElo "2618"]
[PlyCount "56"]
[EventDate "2010.??.??"]

1. d4 d5 2. c4 c6 3. Nf3 Nf6 4. e3 Bg4 5. Nc3 e6 6. h3 Bxf3 7. Qxf3 Nbd7 8. Bd2
Bb4 9. Bd3 O-O 10. a3 Bd6 11. cxd5 exd5 12. g4 Nb6 13. g5 Nfd7 14. Qf5 g6 15.
Qg4 Qe7 16. h4 c5 17. O-O-O cxd4 18. exd4 Bxa3 19. Rde1 Qb4 20. bxa3 Qxa3+ 21.
Kc2 Na4 22. Nxa4 Qxa4+ 23. Kb2 Nc5 24. Bc2 Qb5+ 25. Ka1 Qa6+ 26. Kb2 Qb5+ 27.
Ka1 Qa6+ 28. Kb2 Qb5+ 1/2-1/2

[Event "2nd Grandmasters' Tournament"]
[Site "Lublin 2010"]
[Date "2010.05.16"]
[Round "7"]
[White "Socko, Bartosz"]
[Black "Baklan, Vladimir"]
[Result "1-0"]
[WhiteElo "2644"]
[BlackElo "2633"]
[PlyCount "107"]
[EventDate "2010.??.??"]

1. d4 Nf6 2. Nf3 e6 3. c4 b6 4. g3 Bb7 5. Bg2 Be7 6. Nc3 Ne4 7. Qc2 Nxc3 8.
Qxc3 Be4 9. O-O O-O 10. Bh3 c5 11. dxc5 bxc5 12. Qe3 d5 13. Nd2 Bg6 14. f4 d4
15. Qf3 Nd7 16. e4 dxe3 17. Qxe3 Bf6 18. Kh1 Nb6 19. Bg2 Rb8 20. Ne4 Bd4 21.
Qe2 Na4 22. Rb1 Re8 23. Qc2 Qd7 24. Rd1 Qb7 25. h4 Qa6 26. Rd3 Nb6 27. b3 Nd5
28. Qe2 Bxe4 29. Bxe4 f5 30. cxd5 fxe4 31. Re3 Qxe2 32. Rxe2 exd5 33. Ba3 Rb5
34. Rd1 h5 35. Rc2 Kf7 36. Kg2 Ke6 37. Kh3 g6 38. g4 hxg4+ 39. Kxg4 Ra5 40. Bc1
Rb5 41. Ba3 a5 42. Rdc1 Be3 43. Re1 d4 44. Bc1 Kd5 45. Bxe3 dxe3 46. Rxe3 Rb4
47. Rec3 Rc8 48. Kg5 Rc6 49. f5 gxf5 50. Kxf5 Rd4 51. h5 Rd1 52. Rc1 Rd2 53.
R3c2 Rxc2 54. Rd1+ 1-0

[Event "2nd Grandmasters' Tournament"]
[Site "Lublin 2010"]
[Date "2010.05.16"]
[Round "7"]
[White "Bartel, Mateusz"]
[Black "Dziuba, Marcin"]
[Result "1/2-1/2"]
[WhiteElo "2609"]
[BlackElo "2576"]
[PlyCount "79"]
[EventDate "2010.??.??"]

1. e4 c5 2. Nc3 a6 3. Nge2 d6 4. g3 g6 5. d4 cxd4 6. Nxd4 Bg7 7. Bg2 Nf6 8. O-O
O-O 9. h3 Nc6 10. Nde2 Bd7 11. Be3 b5 12. f4 Rb8 13. a3 a5 14. Nd5 Ne8 15. Qc1
e6 16. Ndc3 b4 17. axb4 axb4 18. Na4 Na5 19. Nb6 Rxb6 20. Rxa5 Rb8 21. Ra7 Nc7
22. c4 bxc3 23. Nxc3 Nb5 24. Nxb5 Bxb5 25. Rd1 Qf6 26. Rd2 Rfc8 27. Rc7 Qd8 28.
Rxc8 Rxc8 29. Qd1 Qa5 30. Kh2 Be8 31. Qb3 Qc7 32. Qd3 Rb8 33. Rc2 Qd8 34. b3
Qe7 35. Bg1 Qb7 36. Qxd6 Qxb3 37. Qc7 Rb7 38. Qc8 Rb8 39. Qc7 Rb7 40. Qc8
1/2-1/2

[Event "2nd Grandmasters' Tournament"]
[Site "Lublin 2010"]
[Date "2010.05.16"]
[Round "7"]
[White "Swiercz, Dariusz"]
[Black "Tiviakov, Sergei"]
[Result "0-1"]
[WhiteElo "2501"]
[BlackElo "2634"]
[PlyCount "134"]
[EventDate "2010.??.??"]

1. d4 Nf6 2. c4 e6 3. e3 Bb4+ 4. Nc3 O-O 5. Bd3 d5 6. Nf3 c5 7. O-O Nc6 8. a3
Bxc3 9. bxc3 dxc4 10. Bxc4 Qc7 11. Qc2 e5 12. Be2 Re8 13. h3 Be6 14. Bb2 e4 15.
Nd2 cxd4 16. cxd4 Bd5 17. Rfc1 Rad8 18. a4 Qd7 19. Ba3 Qe6 20. Qb2 Rc8 21. Nc4
Red8 22. a5 Rb8 23. Qb5 Ne8 24. Bc5 Nc7 25. Qb2 Na6 26. Ba3 Qf6 27. Rab1 h6 28.
Ne5 Nc7 29. Bg4 Ne6 30. Nxc6 Bxc6 31. Rxc6 bxc6 32. Qxb8 Rxb8 33. Rxb8+ Kh7 34.
Rb7 c5 35. Bxe6 cxd4 36. Bb2 Qxe6 37. Bxd4 a6 38. Rb1 Qd5 39. Ra1 h5 40. h4 Qd8
41. g3 f6 42. Kg2 Kg6 43. Ra4 Qd5 44. Ra1 Qb5 45. Ra2 Qb3 46. Rd2 Qd5 47. Rc2
Qxa5 48. Rc5 Qd8 49. Rc6 a5 50. Ra6 Qd5 51. Ra7 Qb5 52. Kg1 a4 53. Kg2 Qb4 54.
Kg1 a3 55. Kg2 Qb3 56. Ra5 a2 57. Ra7 Qg8 58. Ra5 Qf7 59. Ba1 Qc4 60. Bd4 Qe2
61. Ra7 Kf5 62. Bc3 g5 63. Ra5+ Kg4 64. Bxf6 Qf3+ 65. Kf1 Qxf6 66. Rxa2 gxh4
67. gxh4 Qxh4 0-1

[Event "2nd Grandmasters' Tournament"]
[Site "Lublin 2010"]
[Date "2010.05.16"]
[Round "7"]
[White "Grachev, Boris"]
[Black "Kurnosov, Igor"]
[Result "1-0"]
[WhiteElo "2667"]
[BlackElo "2680"]
[PlyCount "145"]
[EventDate "2010.??.??"]

1. d4 Nf6 2. Nf3 g6 3. Bg5 Bg7 4. Nbd2 O-O 5. c3 d5 6. e3 Nbd7 7. Be2 Re8 8.
O-O e5 9. Bh4 c6 10. h3 Qb6 11. Qb3 exd4 12. cxd4 a5 13. a4 Qxb3 14. Nxb3 Ne4
15. Bd3 b6 16. Rac1 Bb7 17. Nfd2 Nxd2 18. Nxd2 Nf8 19. Rb1 Ne6 20. b4 axb4 21.
Rxb4 Ba6 22. Bxa6 Rxa6 23. Rfb1 c5 24. Rxb6 Rxa4 25. Rb8 Rxb8 26. Rxb8+ Bf8 27.
Nf3 cxd4 28. Nxd4 Nxd4 29. exd4 Kg7 30. Rb6 Rb4 31. Bf6+ Kg8 32. Ra6 Rb8 33.
Ra5 Rb6 34. Be5 f6 35. Bg3 Bd6 36. Rxd5 Bxg3 37. fxg3 Kf7 38. Rd7+ Ke6 39. Rxh7
Rb1+ 40. Kf2 Rb2+ 41. Kf3 Rb3+ 42. Kf4 g5+ 43. Kg4 Rd3 44. Ra7 Rxd4+ 45. Kh5
Rd2 46. g4 Rxg2 47. Kg6 Rf2 48. Ra3 Rf4 49. Re3+ Kd6 50. Re1 Rf3 51. Re2 Kd5
52. Re8 Rf1 53. Kf7 Rf3 54. Re7 Rf4 55. Re8 Rf3 56. Ra8 f5 57. Kg6 f4 58. Kxg5
Rxh3 59. Kxf4 Ke6 60. Kg5 Kf7 61. Ra7+ Kf8 62. Kg6 Rg3 63. Ra8+ Ke7 64. g5 Rg1
65. Rg8 Rg2 66. Kh7 Kf7 67. g6+ Ke7 68. Ra8 Rh2+ 69. Kg8 Kf6 70. g7 Ke7 71.
Ra7+ Ke8 72. Ra4 Re2 73. Rh4 1-0

[Event "2nd Grandmasters' Tournament"]
[Site "Lublin 2010"]
[Date "2010.05.17"]
[Round "8"]
[White "Baklan, Vladimir"]
[Black "Swiercz, Dariusz"]
[Result "1-0"]
[WhiteElo "2633"]
[BlackElo "2501"]
[PlyCount "151"]
[EventDate "2010.??.??"]

1. e4 e6 2. d4 d5 3. exd5 exd5 4. Nf3 Nf6 5. Bg5 Be7 6. Bd3 Bg4 7. O-O O-O 8.
Nbd2 Nbd7 9. c3 c6 10. Re1 Bh5 11. Qb3 Nb6 12. a4 Qc7 13. a5 Nc8 14. Ne5 Bg6
15. Nxg6 hxg6 16. Nf3 Nh5 17. Bd2 Nd6 18. Ne5 Rfe8 19. Re2 Bf8 20. Qa4 Re6 21.
Rae1 Rae8 22. g3 Nf6 23. f3 Nd7 24. b3 a6 25. Kg2 Nb5 26. Ng4 Rxe2+ 27. Rxe2
Rxe2+ 28. Bxe2 Nf6 29. Nf2 Be7 30. Qa1 Qd8 31. Nd3 Bd6 32. Bf1 Nd7 33. Qe1 Bc7
34. b4 Bd6 35. Kf2 Kf8 36. Bh3 Qe7 37. Qxe7+ Kxe7 38. Ke2 Kd8 39. Kd1 Nf8 40.
Kc2 Nd7 41. Kb3 Nc7 42. Bg5+ f6 43. Be3 Ke7 44. c4 dxc4+ 45. Kxc4 Nd5 46. Bd2
Nf8 47. Bg2 Ne6 48. Nb2 Nxd4 49. Kxd4 Be5+ 50. Kc5 Bxb2 51. f4 Kd7 52. Bxd5
cxd5 53. Kxd5 f5 54. Be3 Bf6 55. Bd4 Be7 56. Kc4 g5 57. fxg5 g6 58. Be3 Ke6 59.
Bd2 Bd6 60. Bf4 Be7 61. b5 Bf8 62. b6 Bg7 63. Bd2 Be5 64. Kd3 Kd5 65. Ke3 Ke6
66. Kf3 Bd6 67. h4 Be5 68. g4 Bb2 69. h5 fxg4+ 70. Kxg4 Kf7 71. h6 Ke6 72. Kf4
Kd5 73. Ke3 Ke6 74. Kd3 Kf7 75. Bc3 Bc1 76. h7 1-0

[Event "2nd Grandmasters' Tournament"]
[Site "Lublin 2010"]
[Date "2010.05.17"]
[Round "8"]
[White "Dziuba, Marcin"]
[Black "Meier, Georg"]
[Result "1/2-1/2"]
[WhiteElo "2576"]
[BlackElo "2638"]
[PlyCount "61"]
[EventDate "2010.??.??"]

1. d4 Nf6 2. c4 e6 3. g3 d5 4. Nf3 dxc4 5. Bg2 Nc6 6. O-O a6 7. Bg5 Rb8 8. e3
b5 9. Nfd2 Na5 10. b3 Bb7 11. Bxb7 Rxb7 12. bxc4 c5 13. cxb5 axb5 14. Nb3 cxd4
15. Nxd4 Be7 16. Nc3 b4 17. Qa4+ Rd7 18. Bxf6 Bxf6 19. Ncb5 Be7 20. a3 bxa3 21.
Nxa3 O-O 22. Rfd1 Bxa3 23. Rxa3 Nb7 24. Rc1 Rc7 25. Rac3 Rxc3 26. Rxc3 Nd6 27.
Nc6 Qc7 28. Qa7 Qxa7 29. Nxa7 Ne4 30. Rc7 f6 31. f3 1/2-1/2

[Event "2nd Grandmasters' Tournament"]
[Site "Lublin 2010"]
[Date "2010.05.17"]
[Round "8"]
[White "Grachev, Boris"]
[Black "Socko, Bartosz"]
[Result "1/2-1/2"]
[WhiteElo "2667"]
[BlackElo "2644"]
[PlyCount "88"]
[EventDate "2010.??.??"]

1. d4 d5 2. c4 dxc4 3. e3 Nf6 4. Bxc4 e6 5. Nf3 c5 6. O-O a6 7. dxc5 Bxc5 8.
Qxd8+ Kxd8 9. Ne5 Ke7 10. Be2 Bd7 11. Bf3 Nc6 12. Bxc6 Bxc6 13. Nxc6+ bxc6 14.
Bd2 Ne4 15. Rc1 Rab8 16. b3 Bd6 17. Be1 Be5 18. Nc3 Nxc3 19. Bxc3 Bxc3 20. Rxc3
Rb6 21. Kf1 Rd8 22. Ke2 e5 23. Rac1 Rd6 24. Rc5 f6 25. R1c4 Kd7 26. Ra5 Kc7 27.
f4 exf4 28. exf4 Kb7 29. Rca4 Re6+ 30. Kf3 Re1 31. Rh5 h6 32. Re4 Rxe4 33. Kxe4
Rb4+ 34. Kf5 a5 35. g3 a4 36. bxa4 c5 37. g4 Rxa4 38. g5 fxg5 39. fxg5 Kc6 40.
gxh6 gxh6 41. Rxh6+ Kd5 42. Rh8 Rxa2 43. Rd8+ Kc4 44. h4 Rf2+ 1/2-1/2

[Event "2nd Grandmasters' Tournament"]
[Site "Lublin 2010"]
[Date "2010.05.17"]
[Round "8"]
[White "Kurnosov, Igor"]
[Black "Macieja, Bartlomiej"]
[Result "1/2-1/2"]
[WhiteElo "2680"]
[BlackElo "2618"]
[PlyCount "75"]
[EventDate "2010.??.??"]

1. e4 c5 2. Nf3 Nc6 3. d4 cxd4 4. Nxd4 g6 5. Nc3 Bg7 6. Be3 Nf6 7. Bc4 O-O 8.
Bb3 d6 9. f3 Bd7 10. Qd2 Nxd4 11. Bxd4 b5 12. a4 b4 13. Nd5 Nxd5 14. exd5 Bxd4
15. Qxd4 Qb6 16. Qxb6 axb6 17. Kd2 e5 18. dxe6 fxe6 19. Ke3 d5 20. Rhd1 Ra5 21.
Rd4 b5 22. Rxb4 Rfa8 23. Rd1 bxa4 24. Ba2 a3 25. bxa3 Rb5 26. Bb3 Rxa3 27. Rxb5
Bxb5 28. Kd4 Ba4 29. Bxa4 Rxa4+ 30. Ke5 Rc4 31. Kxe6 Rxc2 32. Rxd5 Rxg2 33. Kf6
h5 34. Rg5 Rxg5 35. Kxg5 Kg7 36. f4 Kf7 37. h4 Kg7 38. f5 1/2-1/2

[Event "2nd Grandmasters' Tournament"]
[Site "Lublin 2010"]
[Date "2010.05.18"]
[Round "9"]
[White "Meier, Georg"]
[Black "Tiviakov, Sergei"]
[Result "1/2-1/2"]
[WhiteElo "2638"]
[BlackElo "2634"]
[PlyCount "94"]
[EventDate "2010.??.??"]

1. d4 Nf6 2. c4 e6 3. g3 d5 4. Nf3 Bb4+ 5. Bd2 Be7 6. Bg2 c6 7. O-O Nbd7 8. Qc2
b6 9. Bf4 Ba6 10. Ne5 Nxe5 11. dxe5 Nd7 12. cxd5 cxd5 13. Rd1 Rc8 14. Nc3 b5
15. a3 Qb6 16. Rac1 O-O 17. Be3 Qb8 18. f4 b4 19. axb4 Bxb4 20. Bd4 Nc5 21. Rb1
Bc4 22. Re1 Nb3 23. e3 Nxd4 24. exd4 Qb6 25. Qf2 Bb3 26. Bf1 Bxc3 27. bxc3 Rxc3
28. Re3 Rxe3 29. Qxe3 Rb8 30. g4 a5 31. f5 g6 32. Kh1 a4 33. Bd3 a3 34. Qh6 Qd8
35. fxg6 fxg6 36. Bxg6 Qe7 37. Rf1 hxg6 38. Qxg6+ Qg7 39. Qxe6+ Kh8 40. Rf3 Bc2
41. Rxa3 Rf8 42. Ra6 Be4+ 43. Kg1 Kh7 44. h3 Bf5 45. Qxd5 Bxg4 46. Qg2 Qg5 47.
Rf6 Rxf6 1/2-1/2

[Event "2nd Grandmasters' Tournament"]
[Site "Lublin 2010"]
[Date "2010.05.18"]
[Round "9"]
[White "Bartel, Mateusz"]
[Black "Baklan, Vladimir"]
[Result "1/2-1/2"]
[WhiteElo "2609"]
[BlackElo "2633"]
[PlyCount "79"]
[EventDate "2010.??.??"]

1. d4 Nf6 2. c4 e6 3. Nc3 Bb4 4. g3 c5 5. Nf3 Bxc3+ 6. bxc3 Qa5 7. Bd2 b6 8.
Bg2 Bb7 9. O-O O-O 10. Qb3 Ne4 11. Ng5 f5 12. Nxe4 Bxe4 13. Bxe4 fxe4 14. d5
Qa6 15. Bf4 Re8 16. a4 e5 17. Be3 d6 18. f3 exf3 19. exf3 Nd7 20. Rae1 Re7 21.
f4 Rf8 22. Kg2 Qc8 23. Qc2 Qe8 24. f5 Nf6 25. h3 h5 26. Bg5 Ref7 27. Bh4 Rb7
28. Qd1 Nh7 29. Qc2 Nf6 30. Rf2 a6 31. Rb1 Qd7 32. Rff1 b5 33. axb5 axb5 34.
Bxf6 Rxf6 35. cxb5 Rxb5 36. Rxb5 Qxb5 37. c4 Qd7 38. Qb1 Rf8 39. Rf2 Qe7 40.
Qe4 1/2-1/2

[Event "2nd Grandmasters' Tournament"]
[Site "Lublin 2010"]
[Date "2010.05.18"]
[Round "9"]
[White "Macieja, Bartlomiej"]
[Black "Dziuba, Marcin"]
[Result "1-0"]
[WhiteElo "2618"]
[BlackElo "2576"]
[PlyCount "99"]
[EventDate "2010.??.??"]

1. c4 e6 2. d4 d5 3. Nf3 c6 4. Nbd2 Nf6 5. e3 Be7 6. b3 b6 7. Bd3 Bb7 8. O-O
Nbd7 9. Bb2 O-O 10. Qe2 c5 11. Rfd1 cxd4 12. exd4 Re8 13. Ne5 dxc4 14. bxc4 Qc7
15. f4 g6 16. Ndf3 Nh5 17. Qe3 Ng7 18. Nxd7 Qxd7 19. Ne5 Qc7 20. Qh3 f5 21. Be2
Bd6 22. Rac1 Bxe5 23. fxe5 Be4 24. d5 Rad8 25. d6 Qc6 26. c5 bxc5 27. Bd4 Qa4
28. Rxc5 Rb8 29. Qe3 Qxa2 30. Ra1 Rb1+ 31. Rxb1 Qxb1+ 32. Rc1 Qb8 33. Bxa7 Qa8
34. Bb6 f4 35. Qf2 Qa3 36. Qc5 Qb2 37. Bf3 Bxf3 38. gxf3 Nf5 39. d7 Rd8 40. Rc2
Qb1+ 41. Rc1 Qb2 42. Qc7 Kg7 43. Bf2 Kh6 44. Rf1 Nd4 45. Qxd8 Nxf3+ 46. Kg2 Qb7
47. Kh3 Qe4 48. Qf8+ Kh5 49. d8=Q Qe2 50. Qxf4 1-0

[Event "2nd Grandmasters' Tournament"]
[Site "Lublin 2010"]
[Date "2010.05.18"]
[Round "9"]
[White "Swiercz, Dariusz"]
[Black "Grachev, Boris"]
[Result "1/2-1/2"]
[WhiteElo "2501"]
[BlackElo "2667"]
[PlyCount "81"]
[EventDate "2010.??.??"]

1. g3 d5 2. Bg2 Nf6 3. f4 g6 4. Nf3 Bg7 5. O-O O-O 6. d3 d4 7. c3 c5 8. Qe1 Nc6
9. Na3 Nd5 10. Bd2 b6 11. Nc2 Bb7 12. c4 Nc7 13. b4 Nxb4 14. Nxb4 cxb4 15. Bxb4
b5 16. cxb5 Nxb5 17. Qf2 a5 18. Bd2 Nc3 19. Ne5 Rb8 20. Bxb7 Rxb7 21. Nc4 a4
22. Qf3 Rb5 23. Rfc1 Qd7 24. e4 Rfb8 25. e5 Bf8 26. Kh1 Nb1 27. a3 e6 28. Bb4
Bxb4 29. Raxb1 Be7 30. Rxb5 Qxb5 31. Qd1 Qd5+ 32. Kg1 Rb3 33. Rb1 Rc3 34. Qxa4
Kg7 35. Qd1 Bxa3 36. Qf1 Qc6 37. Ra1 Bb4 38. Rb1 Ba3 39. Ra1 Bb4 40. Rb1 Ba3
41. Ra1 1/2-1/2

[Event "2nd Grandmasters' Tournament"]
[Site "Lublin 2010"]
[Date "2010.05.18"]
[Round "9"]
[White "Socko, Bartosz"]
[Black "Kurnosov, Igor"]
[Result "0-1"]
[WhiteElo "2644"]
[BlackElo "2680"]
[PlyCount "98"]
[EventDate "2010.??.??"]

1. e4 c5 2. Nf3 d6 3. d4 cxd4 4. Qxd4 Nf6 5. Nc3 Nc6 6. Bb5 Nd7 7. Qd1 a6 8.
Be2 e6 9. Be3 Be7 10. Qd2 O-O 11. O-O-O b5 12. Kb1 Nc5 13. a3 b4 14. axb4 Nxb4
15. Bxc5 dxc5 16. Qxd8 Bxd8 17. Na4 Ra7 18. c3 Nc6 19. Nxc5 Bb6 20. Nd3 a5 21.
Rhf1 a4 22. Nd2 Na5 23. Nc1 Bd7 24. Nf3 Rc8 25. Rd6 Bc6 26. Nd2 Bc5 27. Rd3 Bb5
28. Rh3 Bxe2 29. Nxe2 Rd8 30. Kc2 Rad7 31. Nf3 Nb3 32. Nc1 Nd2 33. Nxd2 Rxd2+
34. Kb1 a3 35. b4 Bxf2 36. Rf3 Bh4 37. e5 Bg5 38. Na2 Rb2+ 39. Ka1 Rdd2 40. Nc1
Rxg2 41. Rg3 f5 42. Rxg2 Rxg2 43. Nb3 Rxh2 44. Nd4 Bd2 45. Rf3 g5 46. b5 g4 47.
Rd3 Bf4 48. b6 Rb2 49. Nxe6 Bxe5 0-1